Oxford dictionary of biology
Zapisane w:
| Format: | Książka |
|---|---|
| Język: | Undetermined |
| Wydane: |
Oxford
Oxford University Press
2000
|
| Hasła przedmiotowe: | |
| Etykiety: |
Dodaj etykietę
Nie ma etykietki, Dołącz pierwszą etykiete!
|
| Thư viện lưu trữ: | Trung tâm Học liệu Trường Đại học Cần Thơ |
|---|
| LEADER | 00460nam a2200169Ia 4500 | ||
|---|---|---|---|
| 001 | CTU_192103 | ||
| 008 | 210402s9999 xx 000 0 und d | ||
| 082 | |a 570.3 | ||
| 082 | |b O.98 | ||
| 245 | 0 | |a Oxford dictionary of biology | |
| 260 | |a Oxford | ||
| 260 | |b Oxford University Press | ||
| 260 | |c 2000 | ||
| 650 | |a Biology,Sinh học | ||
| 650 | |x Dictionaries,Từ điển | ||
| 910 | |a Hải | ||
| 980 | |a Trung tâm Học liệu Trường Đại học Cần Thơ | ||